Jeux-vidéos par images en jeux #3 - Statistiques

Statistiques générales
  • Ce quiz a été pris 3 641 fois
  • Le résultat moyen est 11 sur 16
Statistiques - réponses
Par images Réponse % Correct
NBA 2K
96%
Red Dead Redemption 2
94%
Pac-Man
93%
Wii Sports
89%
Clash of Clans
88%
Legend of Zelda
87%
Mario Party
86%
Street Fighter
80%
Brawl Stars
77%
Geoguessr
75%
Skyrim
70%
Elden Ring
64%
Gran Turismo
50%
Rust
45%
Diablo III
30%
Europa Universalis IV
10%
Aucun quiz correspondant
Distribution des résultats
% des personnes avec chaque résultat
Percentile par nombre de réponses
Votre historique - résultats
Vous n’avez pas pris ce quiz